[Event "GCT Bucharest (blitz) 2019"]
[Site "Bucharest ROU"]
[Date "2019.11.09"]
[Round "1"]
[White "Korobov, Anton"]
[Black "Le, Quang Liem"]
[Result "0-1"]
[WhiteElo "2670"]
[BlackElo "2713"]
[PlyCount "150"]
[EventDate "2019.11.09"]

1. d4 d5 2. c4 dxc4 3. e3 Nf6 4. Bxc4 e6 5. Nf3 c5 6. O-O a6 7. dxc5 Qxd1 8.
Rxd1 Bxc5 9. Nbd2 Nbd7 10. Nb3 Be7 11. Na5 O-O 12. Bd2 Ne4 13. Be1 Bf6 14. Rab1
Ndc5 15. Be2 b6 16. Nc4 b5 17. Nb6 Rb8 18. Nxc8 Rfxc8 19. Nd4 e5 20. Nf5 g6 21.
Nh6+ Kf8 22. f3 Bg5 23. Ng4 Nf6 24. Nxe5 Bxe3+ 25. Kf1 Ne6 26. Bc3 Bg5 27. a3
Nf4 28. Rd6 N6d5 29. Rxa6 Nxe2 30. Nd7+ Ke8 31. Nxb8 Nexc3 32. bxc3 Rxb8 33.
Rb3 Nc7 34. Rc6 Kd7 35. Rc5 Be7 36. Re5 Ra8 37. Re2 Bd6 38. h3 Rxa3 39. Rxa3
Bxa3 40. Ra2 Bc5 41. Ke2 Nd5 42. Kd3 f5 43. Kc2 Ne3+ 44. Kb3 f4 45. Ra5 Kc6 46.
Ra6+ Bb6 47. Ra2 g5 48. Re2 h5 49. Ra2 Bc5 50. Re2 Kd5 51. Rd2+ Ke5 52. Ra2 Kd5
53. Rd2+ Kc6 54. Ra2 g4 55. hxg4 hxg4 56. fxg4 Nxg4 57. Kc2 Kd5 58. Kd3 Ne5+
59. Ke2 Kc4 60. Rb2 Nd3 61. Rb1 Ne5 62. Rb2 Ba3 63. Rb1 Bd6 64. Rd1 Bc5 65. Rb1
Nc6 66. Kf3 Bd6 67. Ke4 Be5 68. Kf5 Bxc3 69. Kxf4 b4 70. g4 Bd2+ 71. Kf5 Nd4+
72. Kf6 Nf3 73. Kf5 b3 74. Ke4 Ng5+ 75. Kf5 Kc3 0-1

[Event "GCT Bucharest (blitz) 2019"]
[Site "Bucharest ROU"]
[Date "2019.11.09"]
[Round "1"]
[White "Caruana, Fabiano"]
[Black "Anand, Viswanathan"]
[Result "1-0"]
[WhiteElo "2822"]
[BlackElo "2757"]
[PlyCount "110"]
[EventDate "2019.11.09"]

1. e4 e5 2. Nf3 Nc6 3. Bb5 Nf6 4. d3 Bc5 5. Nc3 d6 6. Na4 Bb6 7. Nxb6 axb6 8.
c3 O-O 9. Ba4 Ne7 10. Bc2 Ng6 11. h3 d5 12. O-O Re8 13. a4 dxe4 14. dxe4 Be6
15. Be3 h6 16. Kh2 Qe7 17. Qe2 Nh7 18. g3 Nf6 19. Rfd1 Red8 20. Rxd8+ Qxd8 21.
Rd1 Qe8 22. Nd2 Nf8 23. Nc4 N6d7 24. b4 f6 25. a5 Qf7 26. Bd3 bxa5 27. Nxa5 b6
28. Nc6 Ng6 29. Bb5 Ne7 30. Qd3 Ng6 31. Qe2 Ngf8 32. f4 exf4 33. gxf4 f5 34.
Nd4 Ra2 35. Rd2 Rxd2 36. Bxd2 Kh8 37. e5 Bd5 38. Bd3 g6 39. c4 Be6 40. Nc6 Qe8
41. Be3 Bf7 42. c5 Nxc5 43. Bb5 Nce6 44. Qd2 Qa8 45. Ne7 Kh7 46. Nd5 Kg7 47.
Nf6 Nh7 48. Bc4 Nhf8 49. h4 c5 50. h5 cxb4 51. hxg6 Bxg6 52. Bd5 Qa3 53. Bxb6
b3 54. Bd4 Kf7 55. Bc3 Kg7 1-0

[Event "GCT Bucharest (blitz) 2019"]
[Site "Bucharest ROU"]
[Date "2019.11.09"]
[Round "1"]
[White "Mamedyarov, Shakhriyar"]
[Black "Aronian, Levon"]
[Result "1/2-1/2"]
[WhiteElo "2772"]
[BlackElo "2772"]
[PlyCount "58"]
[EventDate "2019.11.09"]

1. d4 Nf6 2. c4 e6 3. Nc3 Bb4 4. Qc2 c5 5. dxc5 O-O 6. Nf3 Na6 7. g3 Nxc5 8.
Bg2 Nce4 9. O-O Nxc3 10. bxc3 Be7 11. Rd1 Qc7 12. Qd3 d6 13. Rb1 Rb8 14. Be3 b6
15. Nd4 Bd7 16. Nb5 Bxb5 17. cxb5 Rbc8 18. Bc6 Ng4 19. Bf4 Ne5 20. Bxe5 dxe5
21. Qd7 Bc5 22. Kg2 Qb8 23. Qb7 Qxb7 24. Bxb7 Rcd8 25. a4 f5 26. e3 Kf7 27. Kf1
Ke7 28. Ke2 Rxd1 29. Rxd1 Rd8 1/2-1/2

[Event "GCT Bucharest (blitz) 2019"]
[Site "Bucharest ROU"]
[Date "2019.11.09"]
[Round "1"]
[White "So, Wesley"]
[Black "Karjakin, Sergey"]
[Result "1-0"]
[WhiteElo "2760"]
[BlackElo "2754"]
[PlyCount "55"]
[EventDate "2019.11.09"]

1. c4 Nf6 2. g3 e6 3. Bg2 d5 4. d4 Bb4+ 5. Nd2 O-O 6. Ngf3 dxc4 7. Qc2 a5 8. a3
Bxd2+ 9. Bxd2 b5 10. a4 c6 11. e4 h6 12. g4 e5 13. g5 hxg5 14. dxe5 g4 15. exf6
gxf3 16. fxg7 Re8 17. Bxf3 Nd7 18. O-O-O Ne5 19. Be2 Qh4 20. f4 Bg4 21. Bxg4
Nd3+ 22. Kb1 Qxg4 23. Rhg1 Qh5 24. Rg5 Qh4 25. axb5 cxb5 26. Rxb5 Rxe4 27. Bc3
Qxf4 28. Rh5 1-0

[Event "GCT Bucharest (blitz) 2019"]
[Site "Bucharest ROU"]
[Date "2019.11.09"]
[Round "2"]
[White "Karjakin, Sergey"]
[Black "Le, Quang Liem"]
[Result "1/2-1/2"]
[WhiteElo "2754"]
[BlackElo "2713"]
[PlyCount "69"]
[EventDate "2019.11.09"]

1. e4 c5 2. Nf3 Nc6 3. Nc3 e5 4. Bc4 Be7 5. d3 d6 6. O-O Nf6 7. Nd5 O-O 8. c3
a6 9. a3 Be6 10. Nxf6+ Bxf6 11. Bxe6 fxe6 12. b4 b5 13. Be3 Qe7 14. Qb3 Rfc8
15. Nd2 Rab8 16. g3 Kh8 17. Rfd1 Nd4 18. Qb2 Ne2+ 19. Kf1 cxb4 20. cxb4 Nd4 21.
Rac1 h6 22. h4 Qd7 23. Rxc8+ Rxc8 24. Rc1 Rxc1+ 25. Qxc1 Qc6 26. Qb2 Qc2 27.
Qxc2 Nxc2 28. Nb1 h5 29. Ke2 Nxe3 30. fxe3 Kg8 31. Nd2 Kf7 32. Nf3 Ke8 33. Kd2
Kd7 34. Kc3 Kc6 35. Kd2 1/2-1/2

[Event "GCT Bucharest (blitz) 2019"]
[Site "Bucharest ROU"]
[Date "2019.11.09"]
[Round "2"]
[White "Artemiev, Vladislav"]
[Black "Caruana, Fabiano"]
[Result "1/2-1/2"]
[WhiteElo "2731"]
[BlackElo "2822"]
[PlyCount "108"]
[EventDate "2019.11.09"]

1. d4 d5 2. Bg5 c6 3. Nf3 Qb6 4. b3 Bf5 5. e3 e6 6. Bd3 Bg6 7. O-O Nd7 8. c4
Ngf6 9. Nc3 Bb4 10. Ne2 O-O 11. a3 Be7 12. Ne5 Bxd3 13. Nxd3 Qd8 14. c5 Ne4 15.
Bf4 Bg5 16. f3 Bxf4 17. exf4 Nef6 18. b4 a6 19. Qc2 g6 20. a4 Kg7 21. Rab1 h5
22. Nec1 h4 23. Nb3 Nh5 24. Rbe1 Qf6 25. Qd2 Qf5 26. Re2 Rh8 27. Rfe1 Rab8 28.
a5 Rh7 29. Na1 Rbh8 30. Nc2 Qf6 31. Qe3 Ng3 32. Rd2 Nf5 33. Qf2 Rh5 34. Ne5
Nxe5 35. fxe5 Qe7 36. f4 g5 37. Ne3 gxf4 38. Qxf4 Qg5 39. Nxf5+ Qxf5 40. Qe3
Qg4 41. Rf2 Rf5 42. Rxf5 Qxf5 43. Rf1 Qg6 44. Rf6 Qb1+ 45. Rf1 Qg6 46. h3 Rh5
47. Rf6 Qb1+ 48. Rf1 Qc2 49. Qf4 Qg6 50. Rf2 Qb1+ 51. Kh2 Qg6 52. Rf3 Rg5 53.
Rf2 Rh5 54. Rf3 Rg5 1/2-1/2

[Event "GCT Bucharest (blitz) 2019"]
[Site "Bucharest ROU"]
[Date "2019.11.09"]
[Round "2"]
[White "So, Wesley"]
[Black "Giri, Anish"]
[Result "1/2-1/2"]
[WhiteElo "2760"]
[BlackElo "2776"]
[PlyCount "78"]
[EventDate "2019.11.09"]

1. c4 e5 2. g3 Nf6 3. Bg2 c6 4. d4 e4 5. Bg5 d5 6. Bxf6 Bb4+ 7. Nc3 Qxf6 8. e3
Bxc3+ 9. bxc3 Qe7 10. cxd5 cxd5 11. Ne2 Be6 12. O-O Nd7 13. c4 dxc4 14. Bxe4
Nf6 15. Bg2 O-O 16. Nc3 Rab8 17. Rb1 Rfd8 18. e4 Ng4 19. d5 Bd7 20. a4 Qc5 21.
Qd2 Ne5 22. Kh1 Nd3 23. f4 a6 24. e5 b5 25. axb5 axb5 26. d6 Bc6 27. Ne4 Qd4
28. Ng5 Bxg2+ 29. Qxg2 h6 30. Qe4 Qxe4+ 31. Nxe4 b4 32. Rf3 f6 33. Nd2 fxe5 34.
Nxc4 e4 35. Re3 Rbc8 36. Nd2 Nf2+ 37. Kg2 Rxd6 38. Nxe4 Nxe4 39. Rxe4 Rd2+
1/2-1/2

[Event "GCT Bucharest (blitz) 2019"]
[Site "Bucharest ROU"]
[Date "2019.11.09"]
[Round "3"]
[White "Caruana, Fabiano"]
[Black "So, Wesley"]
[Result "0-1"]
[WhiteElo "2822"]
[BlackElo "2760"]
[PlyCount "100"]
[EventDate "2019.11.09"]

1. c4 c5 2. Nf3 Nf6 3. Nc3 Nc6 4. e3 e6 5. d4 d5 6. a3 a6 7. cxd5 exd5 8. g3
cxd4 9. Nxd4 Bg4 10. Nxc6 bxc6 11. Qa4 Qd7 12. Bg2 Be7 13. O-O O-O 14. Bd2 Bh3
15. Rac1 Bxg2 16. Kxg2 Qb7 17. Rc2 c5 18. f3 Rfd8 19. Ne2 Qb5 20. Qxb5 axb5 21.
Bc3 Nd7 22. Rd1 Nb6 23. Kf2 Bd6 24. Rcd2 f6 25. Rd3 Kf7 26. h4 h5 27. Nf4 Bxf4
28. gxf4 d4 29. exd4 c4 30. Re3 Nd5 31. Re4 Nxc3 32. bxc3 Rxa3 33. Re3 Re8 34.
Rxe8 Kxe8 35. Rc1 Kd7 36. f5 Kd6 37. Ke2 Kd5 38. Rc2 Rb3 39. Rc1 b4 40. cxb4
Rxb4 41. Rg1 Rb7 42. Rd1 Re7+ 43. Kd2 Kxd4 44. Kc2+ Kc5 45. Rd8 Re2+ 46. Kd1
Rh2 47. Rg8 Rxh4 48. Rxg7 Rf4 49. Ke2 Rxf5 50. Rh7 Kd4 0-1

[Event "GCT Bucharest (blitz) 2019"]
[Site "Bucharest ROU"]
[Date "2019.11.09"]
[Round "3"]
[White "Giri, Anish"]
[Black "Karjakin, Sergey"]
[Result "0-1"]
[WhiteElo "2776"]
[BlackElo "2754"]
[PlyCount "90"]
[EventDate "2019.11.09"]

1. e4 e5 2. Nf3 Nc6 3. Bc4 Bc5 4. c3 Nf6 5. d4 exd4 6. e5 d5 7. Bb5 Ne4 8. cxd4
Bb6 9. Nc3 O-O 10. Be3 Bg4 11. h3 Bh5 12. Qc2 Nxc3 13. bxc3 f6 14. exf6 Qxf6
15. Be2 Rae8 16. O-O h6 17. Rae1 Qd6 18. Nd2 Bxe2 19. Rxe2 Na5 20. g3 Qd7 21.
Kg2 c6 22. Rfe1 Bc7 23. Qd3 b5 24. f4 Nc4 25. Bf2 Rxe2 26. Rxe2 Re8 27. Nf3
Rxe2 28. Qxe2 Nd6 29. Nd2 a5 30. g4 a4 31. Bg3 Ba5 32. Qe3 Ne4 33. Nxe4 dxe4
34. f5 Qd5 35. a3 Bd8 36. Be5 Bg5 37. Bf4 Be7 38. Kg3 c5 39. Be5 cxd4 40. Bxd4
Bxa3 41. f6 Bd6+ 42. Kg2 g5 43. Kg1 a3 44. f7+ Kxf7 45. Qf2+ Bf4 0-1

[Event "GCT Bucharest (blitz) 2019"]
[Site "Bucharest ROU"]
[Date "2019.11.09"]
[Round "3"]
[White "Mamedyarov, Shakhriyar"]
[Black "Artemiev, Vladislav"]
[Result "1/2-1/2"]
[WhiteElo "2772"]
[BlackElo "2731"]
[PlyCount "90"]
[EventDate "2019.11.09"]

1. d4 d5 2. c4 c6 3. Nf3 Nf6 4. Nc3 a6 5. e3 g6 6. a4 b6 7. Be2 Bg7 8. O-O O-O
9. b3 Bb7 10. Ba3 Nbd7 11. Rc1 Re8 12. Ne5 e6 13. f4 c5 14. Bf3 Rc8 15. Qe2 Ne4
16. Bxe4 dxe4 17. Rfd1 Nxe5 18. dxe5 Qc7 19. Qc2 Red8 20. Nxe4 Bxe4 21. Qxe4 h5
22. h3 Bf8 23. Kf1 Rd7 24. Bb2 Rcd8 25. Ke2 Be7 26. g4 hxg4 27. hxg4 b5 28.
axb5 axb5 29. Bc3 bxc4 30. bxc4 Rxd1 31. Rxd1 Rxd1 32. Kxd1 Qd7+ 33. Ke2 Qa4
34. Qd3 Qa2+ 35. Bd2 Kf8 36. e4 Ke8 37. g5 Bd8 38. Kf3 Qa1 39. Be3 Qh1+ 40. Ke2
Ba5 41. Bf2 Bb4 42. Ke3 Qh3+ 43. Ke2 Qh1 44. Ke3 Ba3 45. Ke2 Bb4 1/2-1/2

[Event "GCT Bucharest (blitz) 2019"]
[Site "Bucharest ROU"]
[Date "2019.11.09"]
[Round "3"]
[White "Le, Quang Liem"]
[Black "Aronian, Levon"]
[Result "1/2-1/2"]
[WhiteElo "2713"]
[BlackElo "2772"]
[PlyCount "105"]
[EventDate "2019.11.09"]

1. d4 Nf6 2. c4 e6 3. Nf3 d5 4. Nc3 Bb4 5. cxd5 exd5 6. Bf4 c6 7. e3 Bf5 8. Qb3
Qb6 9. Be2 Be7 10. Nd2 Nbd7 11. O-O O-O 12. Rac1 a5 13. h3 Qxb3 14. Nxb3 a4 15.
Nd2 a3 16. b3 Bb4 17. Rfd1 h5 18. Nf1 Rfe8 19. Ng3 Bg6 20. Bd3 Bxd3 21. Rxd3
Nf8 22. Na4 Ne6 23. Be5 Nd7 24. Nxh5 b5 25. Nc3 Nxe5 26. dxe5 Nc5 27. Rdd1 Rxe5
28. Nf4 g5 29. Nh5 Na6 30. Ne2 Bf8 31. Nd4 c5 32. Nxb5 Nb4 33. Nc3 Ra6 34. Rd2
f5 35. Rcd1 d4 36. exd4 cxd4 37. Rxd4 Rc6 38. Rc4 Rxc4 39. bxc4 Kf7 40. Ng3 Rc5
41. Nb5 Nc2 42. Rd5 Rxd5 43. cxd5 Kf6 44. d6 Ke6 45. d7 Kxd7 46. Nxf5 Bc5 47.
Kf1 Ke6 48. g4 Kd5 49. Ke2 Kc4 50. Nbd6+ Kd5 51. Nb5 Kc4 52. Nbd6+ Kd5 53. Nb5
1/2-1/2

[Event "GCT Bucharest (blitz) 2019"]
[Site "Bucharest ROU"]
[Date "2019.11.09"]
[Round "4"]
[White "Anand, Viswanathan"]
[Black "Le, Quang Liem"]
[Result "0-1"]
[WhiteElo "2757"]
[BlackElo "2713"]
[PlyCount "84"]
[EventDate "2019.11.09"]

1. e4 c5 2. Nf3 Nc6 3. Bb5 g6 4. O-O Bg7 5. c3 Nf6 6. Re1 O-O 7. d4 d5 8. e5
Ne4 9. Nbd2 cxd4 10. cxd4 Qb6 11. Bxc6 Qxc6 12. h3 Bf5 13. Nf1 f6 14. Bf4 Rac8
15. Ne3 Be6 16. exf6 exf6 17. Nd2 f5 18. Nf3 Qb6 19. Rb1 h6 20. Be5 f4 21. Ng4
Bxg4 22. hxg4 Rc4 23. Bxg7 Kxg7 24. b3 Rc7 25. Rc1 Rfc8 26. Rxc7+ Qxc7 27. Nd2
Nf6 28. Nf3 g5 29. Ne5 Qc2 30. Nd3 Qxd1 31. Rxd1 Nxg4 32. Kf1 Rc2 33. Ke1 Rxa2
34. Rc1 b6 35. Rc6 Ra3 36. Ne5 Ra1+ 37. Ke2 Ra2+ 38. Ke1 Nxf2 39. Rg6+ Kh7 40.
Rd6 Ne4 41. Rd7+ Kg8 42. Ng4 h5 0-1

[Event "GCT Bucharest (blitz) 2019"]
[Site "Bucharest ROU"]
[Date "2019.11.09"]
[Round "4"]
[White "Karjakin, Sergey"]
[Black "Aronian, Levon"]
[Result "1/2-1/2"]
[WhiteElo "2754"]
[BlackElo "2772"]
[PlyCount "75"]
[EventDate "2019.11.09"]

1. e4 e5 2. Nf3 Nc6 3. Nc3 Nf6 4. d4 exd4 5. Nxd4 Bb4 6. Nxc6 bxc6 7. Bd3 d5 8.
Bd2 Bg4 9. f3 Be6 10. O-O dxe4 11. Bxe4 Qd4+ 12. Kh1 O-O 13. a3 Bd6 14. Ne2
Qxb2 15. Bc3 Qb5 16. Bxf6 gxf6 17. f4 Qh5 18. Bxc6 Rad8 19. Bf3 Qg6 20. Qc1 Bc4
21. Rd1 Bxe2 22. Bxe2 Qe4 23. Bf3 Qxf4 24. Qxf4 Bxf4 25. g3 Be5 26. Rxd8 Rxd8
27. Rd1 Bd6 28. Rd5 Re8 29. a4 Re3 30. Rd3 Re1+ 31. Kg2 f5 32. Rd5 Rc1 33. Rxf5
Rxc2+ 34. Kh3 Kg7 35. Rg5+ Kh8 36. Rf5 Kg7 37. Rg5+ Kh8 38. Rf5 1/2-1/2

[Event "GCT Bucharest (blitz) 2019"]
[Site "Bucharest ROU"]
[Date "2019.11.09"]
[Round "4"]
[White "Giri, Anish"]
[Black "Caruana, Fabiano"]
[Result "1/2-1/2"]
[WhiteElo "2776"]
[BlackElo "2822"]
[PlyCount "161"]
[EventDate "2019.11.09"]

1. Nf3 d5 2. d4 Nf6 3. c4 e6 4. g3 Bb4+ 5. Bd2 Bd6 6. Bg2 O-O 7. O-O Nbd7 8. c5
Be7 9. Nc3 Ne4 10. Bf4 Nxc3 11. bxc3 c6 12. Qa4 b5 13. Qc2 a5 14. e4 Nf6 15. e5
Ne4 16. Nd2 Nxd2 17. Qxd2 Ba6 18. Rfe1 Qd7 19. a3 Rfb8 20. h4 Qb7 21. Reb1 Ra7
22. Bf3 Rba8 23. Kh2 Qd7 24. Bd1 Bf8 25. Bc2 Qe8 26. Re1 Bc8 27. Qd3 f5 28.
exf6 gxf6 29. Qf3 Qf7 30. Re2 Bg7 31. Bd6 e5 32. Bf5 e4 33. Qg4 Bxf5 34. Qxf5
Qg6 35. Qe6+ Rf7 36. Bf4 f5 37. Qxg6 hxg6 38. Be3 Rb7 39. Rb2 a4 40. Rg1 Bf6
41. Kg2 Kf7 42. Rh1 Rh8 43. Rbb1 Ke6 44. f4 exf3+ 45. Kxf3 Kf7 46. Bf4 Re7 47.
Kf2 Re4 48. Kf3 Rhe8 49. Rbd1 Bd8 50. Rd3 Rh8 51. Rdd1 Ba5 52. Rc1 Bd8 53. Rcd1
Bf6 54. Rc1 Rhe8 55. Rcd1 Bd8 56. Rd3 Rh8 57. Rdd1 Rh5 58. Rc1 Bf6 59. Rcd1 Rh7
60. Rc1 Ke6 61. Rcg1 Bd8 62. Rd1 Be7 63. Rc1 Bf6 64. Rcd1 Bg7 65. Rdg1 Bh6 66.
Rf1 Bxf4 67. gxf4 Kf6 68. Rd1 Rhe7 69. Rd3 Re2 70. h5 Ra2 71. hxg6 Kxg6 72.
Rdd1 Rg7 73. Rde1 Kf7 74. Rh5 Kg6 75. Rh8 Rxa3 76. Re6+ Kf7 77. Rxc6 Rxc3+ 78.
Kf2 a3 79. Rc7+ Kg6 80. Rc6+ Kf7 81. Rc7+ 1/2-1/2

[Event "GCT Bucharest (blitz) 2019"]
[Site "Bucharest ROU"]
[Date "2019.11.09"]
[Round "4"]
[White "So, Wesley"]
[Black "Mamedyarov, Shakhriyar"]
[Result "1/2-1/2"]
[WhiteElo "2760"]
[BlackElo "2772"]
[PlyCount "113"]
[EventDate "2019.11.09"]

1. c4 Nf6 2. g3 g6 3. Bg2 Bg7 4. Nc3 O-O 5. Nf3 c5 6. O-O d5 7. cxd5 Nxd5 8.
Nxd5 Qxd5 9. d3 Nc6 10. Be3 Bd7 11. Nd4 Qd6 12. Nxc6 Bxc6 13. Bxc6 Qxc6 14. Rc1
Qe6 15. Rxc5 Qxa2 16. Rb5 b6 17. Qa1 Qe6 18. Qa4 Rfc8 19. Ra1 h5 20. h4 Bf6 21.
Qb3 Qd7 22. Rb4 Rab8 23. Qa4 Qd5 24. Qb3 Qd7 25. Qa4 Qd5 26. Qb3 Qb7 27. Bf4
Ra8 28. Be3 Rc6 29. Rba4 a6 30. Rc4 Rac8 31. Rac1 b5 32. Rc5 e6 33. Qc2 Rxc5
34. Bxc5 a5 35. e3 Be7 36. d4 a4 37. Qd2 b4 38. Rc4 b3 39. Rb4 Qd7 40. Bxe7
Qxe7 41. Rxa4 Rc2 42. Qb4 Qf6 43. Qb8+ Kh7 44. Qf4 Qxf4 45. gxf4 Rxb2 46. Rb4
Kg7 47. Rb8 Kf6 48. Kg2 Rb1 49. Rb7 Kg7 50. Rb8 b2 51. Kf3 f6 52. e4 Kf7 53.
Rb7+ Ke8 54. d5 exd5 55. exd5 Kf8 56. d6 Rd1 57. Rxb2 1/2-1/2

[Event "GCT Bucharest (blitz) 2019"]
[Site "Bucharest ROU"]
[Date "2019.11.09"]
[Round "5"]
[White "Korobov, Anton"]
[Black "So, Wesley"]
[Result "1/2-1/2"]
[WhiteElo "2670"]
[BlackElo "2760"]
[PlyCount "78"]
[EventDate "2019.11.09"]

1. d4 Nf6 2. c4 e6 3. Nc3 Bb4 4. e3 O-O 5. Bd3 d5 6. Nf3 dxc4 7. Bxc4 c5 8. O-O
cxd4 9. exd4 b6 10. Re1 Bb7 11. Bd3 Nc6 12. a3 Bxc3 13. bxc3 Rc8 14. Bg5 Ne7
15. Rc1 Ng6 16. Ne5 Qd5 17. f3 Nxe5 18. Rxe5 Qd6 19. Bxf6 gxf6 20. Rh5 Qf4 21.
Qe1 f5 22. Rh4 Qg5 23. Qg3 Qxg3 24. hxg3 Rc7 25. g4 Rfc8 26. c4 Ba6 27. gxf5
Bxc4 28. Be4 Bd5 29. Rxc7 Rxc7 30. f6 Bxe4 31. fxe4 Rc3 32. Rg4+ Kf8 33. Rg7
Rxa3 34. Rxh7 Kg8 35. Rg7+ Kf8 36. Kf2 Rd3 37. Rh7 Kg8 38. Rg7+ Kf8 39. Rh7 Kg8
1/2-1/2

[Event "GCT Bucharest (blitz) 2019"]
[Site "Bucharest ROU"]
[Date "2019.11.09"]
[Round "5"]
[White "Mamedyarov, Shakhriyar"]
[Black "Giri, Anish"]
[Result "1/2-1/2"]
[WhiteElo "2772"]
[BlackElo "2776"]
[PlyCount "96"]
[EventDate "2019.11.09"]

1. d4 d5 2. Nf3 Nf6 3. g3 Bf5 4. c4 e6 5. Bg2 c6 6. Nc3 h6 7. O-O Nbd7 8. Ne5
Be7 9. cxd5 exd5 10. f4 O-O 11. h3 Bb4 12. Kh2 Bh7 13. g4 Re8 14. Qb3 a5 15.
Nd1 Qb6 16. Qe3 Bd6 17. Qf2 a4 18. Be3 a3 19. b3 Qc7 20. Rc1 Bb4 21. Bf3 Ne4
22. Qg1 f6 23. Nd3 Bd6 24. Kg2 g5 25. Nc3 gxf4 26. Nxd5 Qa5 27. N5xf4 Re7 28.
b4 Qb5 29. Nc5 Rae8 30. Nxd7 Rxd7 31. Nh5 Bg6 32. Bxe4 Qxe2+ 33. Qf2 Bxe4+ 34.
Kg1 Qxf2+ 35. Rxf2 Be7 36. Rxf6 Bd8 37. Rxh6 Bd5 38. Rg6+ Kh7 39. Rh6+ Kg8 40.
Bg5 Re2 41. Rg6+ Kh7 42. Rh6+ Kg8 43. Bxd8 Rxd8 44. Rg6+ Kh7 45. Rg7+ Kh6 46.
Rg6+ Kh7 47. Rg7+ Kh6 48. Rg6+ Kh7 1/2-1/2

[Event "GCT Bucharest (blitz) 2019"]
[Site "Bucharest ROU"]
[Date "2019.11.09"]
[Round "5"]
[White "Aronian, Levon"]
[Black "Anand, Viswanathan"]
[Result "1/2-1/2"]
[WhiteElo "2772"]
[BlackElo "2757"]
[PlyCount "58"]
[EventDate "2019.11.09"]

1. e4 e5 2. Nf3 Nc6 3. Bb5 Nf6 4. O-O Nxe4 5. d4 Nd6 6. Bxc6 dxc6 7. dxe5 Nf5
8. Qxd8+ Kxd8 9. Nc3 Ke8 10. Rd1 Ne7 11. h3 Ng6 12. Ne2 Be7 13. Bd2 Bd7 14. Bc3
c5 15. Ng3 Nf4 16. Bd2 Ne6 17. Nf5 Bc6 18. Ne1 h5 19. Nxe7 Kxe7 20. h4 Rad8 21.
Be3 b6 22. f3 Nd4 23. c3 Nf5 24. Bg5+ f6 25. exf6+ gxf6 26. Bf4 Nxh4 27. Bxc7
Rc8 28. Bg3 Ng6 29. Kf2 h4 1/2-1/2

[Event "GCT Bucharest (blitz) 2019"]
[Site "Bucharest ROU"]
[Date "2019.11.09"]
[Round "5"]
[White "Caruana, Fabiano"]
[Black "Karjakin, Sergey"]
[Result "1-0"]
[WhiteElo "2822"]
[BlackElo "2754"]
[PlyCount "55"]
[EventDate "2019.11.09"]

1. c4 Nf6 2. Nc3 e5 3. Nf3 Nc6 4. Qc2 g6 5. g3 Bg7 6. Bg2 O-O 7. O-O d5 8. cxd5
Nxd5 9. Nxd5 Qxd5 10. d3 Re8 11. Be3 Qd6 12. Rac1 Be6 13. Ng5 Bd5 14. Ne4 Qe7
15. Nc5 Bxg2 16. Kxg2 Nd8 17. Qc4 c6 18. b4 Ne6 19. a4 a6 20. Rb1 Rac8 21. Rfc1
h5 22. h4 Kh7 23. Ne4 f5 24. Bc5 b5 25. Bxe7 bxc4 26. Nd6 Rxe7 27. Nxc8 Rc7 28.
Nd6 1-0

[Event "GCT Bucharest (blitz) 2019"]
[Site "Bucharest ROU"]
[Date "2019.11.09"]
[Round "5"]
[White "Le, Quang Liem"]
[Black "Artemiev, Vladislav"]
[Result "1-0"]
[WhiteElo "2713"]
[BlackElo "2731"]
[PlyCount "119"]
[EventDate "2019.11.09"]

1. e4 c5 2. Nf3 a6 3. c4 Nc6 4. d4 cxd4 5. Nxd4 e5 6. Nf5 d6 7. Nc3 g6 8. Ne3
Bh6 9. Ned5 Bxc1 10. Rxc1 Nge7 11. Bd3 O-O 12. O-O Nd4 13. Ne2 Nec6 14. Nxd4
Nxd4 15. Qd2 Be6 16. Nc3 Qa5 17. Rfd1 Rfc8 18. Ne2 Nxe2+ 19. Bxe2 Qxd2 20. Rxd2
Rc6 21. Rdc2 Rac8 22. Bd3 f5 23. b3 Kf7 24. Kf1 a5 25. Ke1 f4 26. Be2 Ke7 27.
Kd2 b6 28. h3 Bf7 29. Bg4 Ra8 30. h4 Rc7 31. g3 h6 32. gxf4 exf4 33. Kd3 Rc5
34. Kd4 Ra7 35. Rc3 Rac7 36. a4 Kf6 37. Rf3 g5 38. hxg5+ hxg5 39. Rh3 Bg6 40.
Rch1 Re7 41. f3 Rcc7 42. Rh8 Rh7 43. R1xh7 Bxh7 44. Rb8 Ke7 45. Rxb6 Bg8 46.
Rb5 Kf6 47. Rxa5 Rh7 48. Rf5+ Kg6 49. a5 Rh1 50. Rf8 Kg7 51. Rd8 Ra1 52. Rd7+
Kf8 53. Ra7 Bf7 54. a6 Be8 55. Kd5 Rb1 56. Kxd6 Rxb3 57. Ra8 Rb6+ 58. Kc5 Rc6+
59. Kd5 Rb6 60. Bh5 1-0

[Event "GCT Bucharest (blitz) 2019"]
[Site "Bucharest ROU"]
[Date "2019.11.09"]
[Round "6"]
[White "So, Wesley"]
[Black "Le, Quang Liem"]
[Result "0-1"]
[WhiteElo "2760"]
[BlackElo "2713"]
[PlyCount "124"]
[EventDate "2019.11.09"]

1. Nf3 d5 2. c4 dxc4 3. e3 Nf6 4. Bxc4 e6 5. O-O a6 6. d4 c5 7. dxc5 Qxd1 8.
Rxd1 Bxc5 9. Be2 Nbd7 10. Nc3 b5 11. Nd4 Bb7 12. Nb3 O-O 13. Na5 Rab8 14. Nxb7
Rxb7 15. Bd2 Nb6 16. Rac1 Rc7 17. Nb1 Nbd5 18. Bf3 Rfc8 19. Ba5 Rc6 20. Nd2 Bb6
21. Rxc6 Rxc6 22. Bxb6 Rxb6 23. Nb3 g5 24. Rc1 Nb4 25. a3 Nd3 26. Rc2 Rd6 27.
Rd2 Ne8 28. Bb7 Nxb2 29. Bxa6 Nc4 30. Rxd6 Nexd6 31. Kf1 Nxa3 32. Nd4 b4 33.
Ke2 e5 34. Nb3 e4 35. Nc5 Kg7 36. Kd2 f5 37. Kc1 Nac4 38. Kc2 Ne5 39. Be2 Kf6
40. Kb3 Nc6 41. Na6 f4 42. Nxb4 Nxb4 43. Kxb4 fxe3 44. fxe3 Nf5 45. Kc3 Nxe3
46. Kd4 Nxg2 47. Kxe4 Nf4 48. Bd1 Ne6 49. h4 gxh4 50. Kf3 Kg5 51. Kg2 Nf4+ 52.
Kh2 h6 53. Bf3 Ng6 54. Be4 Ne5 55. Ba8 Kg4 56. Bd5 Nd3 57. Be6+ Kg5 58. Bd5 h3
59. Bb7 Kh4 60. Bc8 Nf2 61. Be6 h5 62. Kg1 Kg3 0-1

[Event "GCT Bucharest (blitz) 2019"]
[Site "Bucharest ROU"]
[Date "2019.11.09"]
[Round "6"]
[White "Karjakin, Sergey"]
[Black "Anand, Viswanathan"]
[Result "1-0"]
[WhiteElo "2754"]
[BlackElo "2757"]
[PlyCount "87"]
[EventDate "2019.11.09"]

1. e4 e5 2. Nf3 Nc6 3. Bb5 Nf6 4. d3 Bc5 5. O-O Nd4 6. Nxd4 Bxd4 7. c3 Bb6 8.
Ba4 O-O 9. Bg5 d6 10. Nd2 h6 11. Bh4 Bg4 12. Qe1 g5 13. Bg3 Nh5 14. Bd1 Bxd1
15. Qxd1 Ng7 16. Nc4 f5 17. exf5 Nxf5 18. a4 a6 19. Qb3 Kh8 20. Nxb6 cxb6 21.
Rfe1 h5 22. f3 Nxg3 23. hxg3 g4 24. fxg4 hxg4 25. Re4 Qd7 26. Qxb6 Rf7 27. Qe3
Qf5 28. Qh6+ Kg8 29. Qe3 Raf8 30. Qe2 Qf2+ 31. Qxf2 Rxf2 32. Rxg4+ Kh7 33. Rb4
Rd2 34. Rxb7+ Kg6 35. Rf1 Rxf1+ 36. Kxf1 Kf5 37. Rb6 Rxd3 38. Rxa6 Rd2 39. Rb6
e4 40. a5 e3 41. Rb4 Rf2+ 42. Ke1 Rxg2 43. Ra4 Rxb2 44. a6 1-0

[Event "GCT Bucharest (blitz) 2019"]
[Site "Bucharest ROU"]
[Date "2019.11.09"]
[Round "6"]
[White "Giri, Anish"]
[Black "Korobov, Anton"]
[Result "1/2-1/2"]
[WhiteElo "2776"]
[BlackElo "2670"]
[PlyCount "80"]
[EventDate "2019.11.09"]

1. e4 c5 2. Nf3 e6 3. d4 cxd4 4. Nxd4 Nc6 5. Nc3 Qc7 6. g3 a6 7. Bg2 Nf6 8. O-O
d6 9. Nxc6 bxc6 10. Na4 Rb8 11. c4 c5 12. f4 Be7 13. Qe2 Nd7 14. b3 Bb7 15. Bb2
O-O 16. Rad1 Bc6 17. Nc3 Bf6 18. e5 Bxg2 19. Qxg2 dxe5 20. Ne4 Be7 21. Qd2 Rbd8
22. fxe5 Nxe5 23. Qf4 Rxd1 24. Rxd1 f6 25. Bxe5 fxe5 26. Qg4 Qc6 27. Rd3 a5 28.
a4 Rf5 29. Qe2 h5 30. Rd1 h4 31. Re1 h3 32. Qg4 Qd7 33. Rd1 Qb7 34. Rd3 Qb4 35.
Qd1 Qb7 36. Qe2 Bf8 37. Rf3 Qf7 38. Rd3 Qb7 39. Rf3 Qf7 40. Rd3 Qb7 1/2-1/2